| 000 | 00672cam a22002413a 4500 | ||
|---|---|---|---|
| 001 | 14269 | ||
| 003 | PGUSA | ||
| 005 | 20140828083315.0 | ||
| 008 | 041206s2004||||xxu|||||s|||||000 | eng d | ||
| 040 |
_aPGUSA _beng |
||
| 042 | _adc | ||
| 050 | 4 | _aG | |
| 100 | 1 |
_aAmundsen, Roald, _d1872-1928 |
|
| 245 | 1 | 0 |
_aAan de Zuidpool : _bDe Aarde en haar Volken, 1913 _h[electronic resource] / _cRoald Amundsen |
| 260 |
_bProject Gutenberg, _c2004 |
||
| 506 | _aPublic domain in the USA. | ||
| 516 | _aElectronic text | ||
| 653 | _aSouth Pole | ||
| 653 | _aAntarctica | ||
| 830 | 0 |
_aProject Gutenberg _v14269 |
|
| 856 | 4 | 0 | _uhttp://www.gutenberg.org/ebooks/14269 |
| 942 | _cEB | ||
| 999 |
_c243524 _d243524 |
||